| 000 | 00488nam a2200181Ia 4500 | ||
|---|---|---|---|
| 999 |
_c28338 _d28338 |
||
| 003 | OSt | ||
| 005 | 20201218095413.0 | ||
| 008 | 190216s9999||||xx |||||||||||||| ||und|| | ||
| 020 | _a9788130000602 | ||
| 040 | _coclc | ||
| 082 |
_a894.8121 _bKUN/N |
||
| 100 |
_aKunjunni _97643 |
||
| 245 | 0 |
_aNadatham / _cKunjunni |
|
| 260 |
_bPoorna Publication, _aKozhikode: _c2003. |
||
| 300 | _a48p | ||
| 650 | _aKavitha | ||
| 942 |
_cBK _2ddc _h894.8121 _iKUN/N _k894.8121 _mKUN/N |
||